000 00604nam a2200229Ia 4500
003 OSt
005 20220925230502.0
006 a|||||r|||| 00| 0
007 ta
008 220923b |||||||| |||| 00| 0 eng d
037 _cGeneral Book
040 _aRTL
_cRTL
_beng
041 _2eng
_aeng
082 _aY:5, K9
100 _aWrigley E A
_9133141
245 0 _aPopulation and history.
260 _aLondon
_bWeidenfeld and Nicolson
_c1969
300 _a256p
_ccm.
500 _aBibliography : P243-249
942 _hY:5, K9
_cGB
_2CC
999 _c585684
_d585684